Vidas de los santos / (Record no. 9525)
[ view plain ]
| 000 -CABECERA | |
|---|---|
| campo de control de longitud fija | 00888nam a2200253 a 4500 |
| 001 - NÚMERO DE CONTROL | |
| campo de control | 000009765 |
| 005 - FECHA Y HORA DE LA ÚLTIMA TRANSACCIÓN | |
| campo de control | 20200929161709.0 |
| 008 - DATOS DE LONGITUD FIJA--INFORMACIÓN GENERAL | |
| campo de control de longitud fija | 091001s2003 sp c 001 0 spa d |
| 020 ## - NÚMERO INTERNACIONAL ESTÁNDAR DEL LIBRO | |
| Número Internacional Estándar del Libro | 8476304188 |
| 040 ## - FUENTE DE LA CATALOGACIÓN | |
| Centro catalogador/agencia de origen | DO-SdBNP |
| Lengua de catalogación | spa |
| Centro/agencia transcriptor | BNPHU |
| 082 ## - NÚMERO DE LA CLASIFICACIÓN DECIMAL DEWEY | |
| Número de clasificación | R922.22 |
| Número de documento/Ítem | B985v |
| 049 ## - FONDOS LOCALES (OCLC) | |
| Fondos de biblioteca | BNPD |
| 100 1# - ENTRADA PRINCIPAL--NOMBRE DE PERSONA | |
| Nombre de persona | Butler, Alban |
| 9 (RLIN) | 24671 |
| 245 10 - MENCIÓN DE TÍTULO | |
| Título | Vidas de los santos / |
| Mención de responsabilidad, etc. | Alban Butler ; introducción James Bentley ; traducción Luisa Ortega. |
| 260 ## - PUBLICACIÓN, DISTRIBUCIÓN, ETC. | |
| Lugar de publicación, distribución, etc. | Madrid : |
| Nombre del editor, distribuidor, etc. | LIBSA, |
| Fecha de publicación, distribución, etc. | 2003. |
| 300 ## - DESCRIPCIÓN FÍSICA | |
| Extensión | 190 p. : |
| Otras características físicas | retrs. ; |
| Dimensiones | 33 cm. |
| 500 ## - NOTA GENERAL | |
| Nota general | Incluye índice de ilustraciones |
| 545 ## - DATOS BIOGRÁFICOS O HISTÓRICOS | |
| Datos biográficos o históricos | Versión abreviada de "Butler's Lives of the saints", publicada en Londres y Dublin: J.S. Virtue, 1883. |
| 650 #4 - PUNTO DE ACCESO ADICIONAL DE MATERIA--TÉRMINO DE MATERIA | |
| Término de materia o nombre geográfico como elemento de entrada | Santos |
| Subdivisión general | Biografías |
| 9 (RLIN) | 1815 |
| 650 #4 - PUNTO DE ACCESO ADICIONAL DE MATERIA--TÉRMINO DE MATERIA | |
| Término de materia o nombre geográfico como elemento de entrada | Santos |
| Subdivisión general | Calendarios |
| 9 (RLIN) | 24672 |
| 700 1# - PUNTO DE ACCESO ADICIONAL--NOMBRE DE PERSONA | |
| Nombre de persona | Bentley, James |
| 9 (RLIN) | 24673 |
| 700 1# - PUNTO DE ACCESO ADICIONAL--NOMBRE DE PERSONA | |
| Nombre de persona | Ortega, Luisa |
| Término indicativo de función/relación | tr. |
| 9 (RLIN) | 24674 |
| 910 ## - DATOS DE OPCIÓN DEL USUARIO (OCLC) | |
| Datos de opción del usuario | Validado. Control de calidad BNPHU |
| Estado de retiro | Estado de pérdida | Restricciones de uso | No para préstamo | Código de colección | Localización permanente | Ubicación/localización actual | Ubicación en estantería | Fecha de adquisición | Número de inventario | Total de préstamos | Signatura topográfica completa | Código de barras | Fecha visto por última vez | Precio válido a partir de | Tipo de ítem Koha |
|---|---|---|---|---|---|---|---|---|---|---|---|---|---|---|---|
| Préstamo en sala | Dominicana de Servicio | Biblioteca Nacional Pedro Henríquez Ureña | Biblioteca Nacional Pedro Henríquez Ureña | En catalogación | 01.10.2009 | LF1 | R922.22 B985v | 9765-10 | 25.06.2020 | 25.06.2020 | Préstamo en sala |
